| 000 | 00517nam a2200181Ia 4500 | ||
|---|---|---|---|
| 008 | 230718s9999 xx 000 0 und d | ||
| 020 | _a9788131722893 | ||
| 041 | _aeng | ||
| 082 |
_a004.6 _bDAV |
||
| 100 |
_aDavidson J. _9146353 |
||
| 245 | _aVoice Over IP Fundamentals | ||
| 250 | _a2nd Ed. | ||
| 260 |
_c2008 _bPearson Education |
||
| 300 | _a394 | ||
| 365 |
_cRs. _b450.00 |
||
| 700 | _aDavidson J.; Peters J.; Bhatia M. & Kalidindi S. And Others | ||
| 906 |
_dO:0114728-Sep-2010B:229915-Sep-2010 _cCOMP _b225 |
||
| 999 |
_c325941 _d325941 |
||